000 00581nam a2200241Ia 4500
003 OSt
005 20220912153042.0
006 a|||||r|||| 00| 0
007 ta
008 220909b |||||||| |||| 00| 0 eng d
024 _a23392
037 _cTextual
040 _aCSL
_beng
_cCSL
041 _aeng
082 _aU21:(H421), L5.1
100 _aEmbleton C
245 0 _aGlacial geomorphology
260 _c1975
300 _ap.
_ccm.
700 _a King C A M
942 _hU21:(H421), L5.1
_cTEXL
_2CC
999 _c97329
_d97329